000 00564nam a2200229Ia 4500
003 OSt
005 20221005122420.0
006 a|||||r|||| 00| 0
007 ta
008 221004b |||||||| |||| 00| 0 tam d
024 _a45476
037 _cTextual
040 _aCRL
_cCRL
_btam
041 _2tam
_atam
082 _a4(P31), 31L5
100 _aKulathuran Au.
_9631942
245 0 _aJhamigh pathiri kaigal
260 _c1975
650 _aJOURNALISM
942 _h4(P31), 31L5
_cTEXL
_2cc
999 _c1044225
_d1044225